01393nam a22002537a 450000500170000000800410001702000150005804000070007304100080008008200220008810000250011024500400013526000310017530000290020636500210023552006480025665000220090465000270092665000200095370000270097394200120100099900190101295201080103120220203103339.0220202b ||||| |||| 00| 0 eng d a0712672443 cAL aeng 223a650.092bLORK aAndrew Lorenz916151 aKumar Bhattacharyya:The Unsung Guru aLondonbRandom Housec2002 axi,228 p.bHBc24x16 cm. b20.00c£d20.00 aThis text follows the work of Professor Kumar Bhattacharyya, one of the most influential but least well-known manufacturing industry experts in Britain. He has advised two Prime Ministers, Margaret Thatcher and Tony Blair, and a succession of senior government officials on matters ranging from the privatization of British Steel to the future of the car industry. Bhattacharyya is also an academic entrepreneur; today, Warwick Manufacturing Group, the unit inside Warwick University that he founded in 1979, has annual revenues of #80m and has won international renown through its breaking down of the barriers between academia and industry.  aManagement915852 aHigh Technology915853 aBusiness916067 aLORENZ (Andrew)915854 2ddccGF c221407d221407 00102ddc40708MANaALbALd2013-03-24l0o650.092 LORKpGF02221r2022-02-02 00:00:00w2022-02-02yGF